000 00707nam a2200229Ia 4500
005 20240731114845.0
008 131103s9999 xx 000 0 und d
040 _aLoreto College
041 _aEnglish
082 _a821
_bWOR
100 _aWordsworth, William
245 _aSelected poetry
_cWilliam Wordsworth; edited by Mark Van Doren
260 _aNew York
_bThe Modern Library
_c1950
300 _axxiv,712p.
440 _aThe Modern Library of the world's best books
504 _aIncludes bibliographical references and index
650 _aWordsworth, William - Collection
651 _aEnglish Poetry - Collections
700 _aDoren, Mark Van; ed.
850 _aLCBED
942 _cBK
999 _c29982
_d80461